[Event "CZE-ch"]
[Site "CSR"]
[Date "1991.??.??"]
[Round "2"]
[White "Trefny, Vlastimil"]
[Black "Sykora, Robert"]
[Result "1-0"]
[WhiteElo "2200"]
[BlackElo "2265"]

1.e4 e6 2.d4 d5 3.Nd2 Be7 4.Bd3 Nf6 5.e5 Nfd7 6.f4 c5 7.c3 Nc6 8.Ndf3 Qa5
9.Kf2 cxd4 10.cxd4 Nb4 11.Bb1 O-O 12.Ng5 Bxg5 13.fxg5 Qb6 14.Kg3 f5 15.gxf6 gxf6
16.Bxh7+ Kf7 17.Bh6 Qd8 18.Qg4 Rg8 19.Qxg8+ Qxg8+ 20.Bxg8+ Kxg8 21.Nf3 Nc6
22.Rae1 fxe5 23.dxe5 Kh7 24.Bd2 Nc5 25.Ng5+ Kg7 26.h4 Nd3 27.Re3 Ndxe5 28.Rxe5 Nxe5
29.Bc3  1-0

[Event "DEN-chT"]
[Site "DEN"]
[Date "1991.??.??"]
[Round "6"]
[White "Bank Friis, Carsten"]
[Black "Sorensen, Bent"]
[Result "1/2-1/2"]
[WhiteElo "2305"]
[BlackElo "2305"]

1.e4 e6 2.d4 d5 3.Nd2 a6 4.Bd3 c5 5.dxc5 Bxc5 6.Ngf3 Nc6 7.O-O Nf6 8.exd5 Qxd5
9.Nb3 Bd7 10.Qe2 O-O 11.Re1 Nb4 12.Bc4 Qh5 13.a3 Nbd5 14.Ne5 Qxe2  1/2-1/2

[Event "Dortmund-D"]
[Site "Dortmund"]
[Date "1991.??.??"]
[Round "2"]
[White "Hoffmann, Michael"]
[Black "Libeau, Rene"]
[Result "1-0"]
[WhiteElo "2370"]
[BlackElo "2360"]

1.e4 e6 2.d4 d5 3.Nd2 Nc6 4.c3 e5 5.exd5 Qxd5 6.Ngf3 exd4 7.Bc4 Qh5 8.cxd4 Nf6
9.O-O Be7 10.Ne5 Qxd1 11.Rxd1 Nd8 12.Ndf3 c6 13.Re1 Be6 14.Bd2 O-O 15.b3 Re8
16.Re2 Bxc4 17.bxc4 Bd6 18.Rae1 Bxe5 19.dxe5 Nd7 20.Nd4 Nc5 21.f4 Nde6 22.Nf5 Red8
23.Be3 Rd3 24.Nd6 g6 25.f5 gxf5 26.Nxf5 Nd7 27.Bh6 Kh8 28.Rf1 Rg8 29.Nd6 Nxe5
30.Nxf7+ Nxf7 31.Rxf7 Rd6 32.Bd2 Nd4 33.Bc3 c5 34.Rxb7 Rf6 35.Re4 Nf3+ 36.Kh1 Nd4
37.g3 Rd8 38.Ree7 Kg8 39.Rg7+ Kf8 40.Rxh7 Kg8 41.Rbg7+ Kf8 42.Rxa7  1-0

[Event "Dortmund op"]
[Site "Dortmund"]
[Date "1991.??.??"]
[Round "7"]
[White "Svidler, Peter"]
[Black "Martinez Forn, O."]
[Result "1-0"]
[WhiteElo "2480"]
[BlackElo "2295"]

1.e4 e6 2.d4 d5 3.Nd2 Nc6 4.Ngf3 Nf6 5.e5 Nd7 6.Bb5 a5 7.a4 Na7 8.Bd3 c5
9.c4 cxd4 10.cxd5 Nc5 11.Nc4 exd5 12.Na3 Be7 13.O-O Nc6 14.Nc2 Bg4 15.Bb5 Ne6
16.h3 Bh5 17.g4 Bg6 18.Ncxd4 Nxd4 19.Nxd4 Rc8 20.Nf5 O-O 21.Bf4 Bxf5 22.gxf5 f6
23.e6 Bd6 24.Qd2 Bxf4 25.Qxf4 Ne7 26.Rac1 Qb6 27.Bd7 Rxc1 28.Rxc1 Qxb2 29.Rc7 Qb6
30.h4 Nxf5 31.Qxf5 Qxc7 32.e7 Qb8 33.Qxd5+ Kh8 34.Qxb7 g5 35.exf8=Q+ Qxf8
36.Bf5 Qg7 37.Qxg7+ Kxg7 38.h5 Kh6 39.Bg4 f5 40.Bxf5 Kxh5 41.Bxh7  1-0

[Event "NLD-ch sf"]
[Site "Enschede"]
[Date "1991.??.??"]
[Round "5"]
[White "Visser, Yge"]
[Black "Vanheste, Jeroen"]
[Result "1/2-1/2"]
[WhiteElo "2365"]
[BlackElo "2385"]

1.e4 e6 2.d4 d5 3.Nd2 Be7 4.Ngf3 Nf6 5.Bd3 b6 6.Qe2 Bb7 7.O-O dxe4 8.Nxe4 Nbd7
9.Re1 O-O 10.Neg5 Bd6 11.Bd2 h6 12.Ne4 Nxe4 13.Bxe4 Bxe4 14.Qxe4 c5 15.dxc5 Bxc5
16.Rad1 Nf6 17.Qh4 Nd5 18.Qg4 Nf6 19.Qh4 Ne8 20.Qg3 Qf6 21.Ne5 Bd6 22.Bc3 Bxe5
23.Rxe5 Qe7  1/2-1/2

[Event "Forli op"]
[Site "Forli"]
[Date "1991.??.??"]
[Round "1"]
[White "Yeuillaz, Corrado"]
[Black "Vezzosi, Paolo"]
[Result "1-0"]
[WhiteElo "2215"]
[BlackElo "2325"]

1.e4 e6 2.d4 d5 3.Nd2 Be7 4.Ngf3 Nf6 5.Bd3 c5 6.e5 Nfd7 7.c3 Nc6 8.O-O Qb6
9.dxc5 Qc7 10.Re1 Ncxe5 11.Nxe5 Nxe5 12.Bb5+ Bd7 13.Bxd7+ Nxd7 14.b4 Bf6
15.Bb2 b6 16.Nb3 Be5 17.Qh5 bxc5 18.Nxc5 g6 19.Qh6 Nxc5 20.bxc5 Rb8 21.Rab1 Rb5
22.g3 Qb8 23.c6 Rxb2 24.Rxb2 Qxb2 25.Rxe5 Qxc3 26.Qg7  1-0

[Event "Forli op"]
[Site "Forli"]
[Date "1991.??.??"]
[Round "9"]
[White "Drei, Andrea"]
[Black "Vezzosi, Paolo"]
[Result "1-0"]
[WhiteElo "2260"]
[BlackElo "2325"]

1.e4 e6 2.d4 d5 3.Nd2 Be7 4.Ngf3 Nf6 5.e5 Nfd7 6.Bd3 c5 7.c3 Nc6 8.O-O Qb6
9.dxc5 Qc7 10.Nb3 Ncxe5 11.Nxe5 Qxe5 12.Re1 Qc7 13.Qg4 Bf6 14.Bg5 O-O 15.Re3 Bxg5
16.Qxg5 h6 17.Qe7 e5 18.Bf5 e4 19.Rd1 Qc6 20.Bxd7 Bxd7 21.Nd4 Qc8 22.Rg3 Bg4
23.Re1 Kh8 24.f3 Bf5 25.Qe5 Bg6 26.Qxd5 Rd8 27.Qc4 exf3 28.Rxf3 Qg4 29.Rg3 Qh4
30.Rge3 Rac8 31.Qb5 Qg5 32.Qxb7 Qxc5 33.Re5 Qc4 34.Qb3 Qd3 35.Qd1 Qa6 36.a3 Kh7
37.Qe2 Qb6 38.Qb5 Qf6 39.Qf1 Qh4 40.Qf2 Qg4 41.h3 Qd7 42.Re7 Qa4 43.Nf3 a6
44.Ne5 Rd6 45.Nxf7 Rf6 46.Ng5+ Kh8 47.Nf3 Bh5 48.Qh4 Qxh4 49.Nxh4 g5 50.R7e5 Rcf8
51.g4 Bxg4 52.hxg4 gxh4 53.Re6 Kg7 54.Rxf6 Rxf6 55.Kg2 a5 56.Re5 a4 57.Rb5 Rf8
58.Kh3 Rf3+ 59.Kxh4 Kg6 60.Rb6+ Kg7 61.Rb4 Rf2 62.g5 Rh2+ 63.Kg3 Rd2 64.gxh6+ Kxh6
65.Kf3 Kg5 66.Ke3 Rh2 67.Kd4 Kf5 68.Kc5 Ke5 69.Kb5 Kd6 70.Kxa4 Kc6 71.Kb3 Rh1
72.a4 Ra1 73.Rh4  1-0

[Event "FRA-chT"]
[Site "FRA"]
[Date "1991.??.??"]
[Round "?"]
[White "Relange, Eloi"]
[Black "Aubert, Laurent"]
[Result "1-0"]
[WhiteElo "2260"]
[BlackElo "2250"]

1.e4 e6 2.d4 d5 3.Nd2 Nc6 4.Ngf3 Nf6 5.e5 Nd7 6.c3 f6 7.exf6 Qxf6 8.Bb5 Bd6
9.O-O O-O 10.Qb3 Qg6 11.Re1 Nf6 12.c4 Nh5 13.c5 Nxd4 14.Nxd4 Bxh2+ 15.Kxh2 Rxf2
16.Bf1 Bd7 17.Kg1 Raf8 18.N2f3 Qg3 19.Ne2 Rxe2 20.Rxe2 Qg6 21.Ne5 Qf5 22.Qf3 Bb5
23.Rf2  1-0

[Event "ISL-ch"]
[Site "Gardabaer"]
[Date "1991.??.??"]
[Round "4"]
[White "Hjartarson, Johann"]
[Black "Bergsson, Snorri"]
[Result "1-0"]
[WhiteElo "2535"]
[BlackElo "2285"]

1.e4 e6 2.d4 d5 3.Nd2 Nc6 4.Ngf3 Nf6 5.e5 Nd7 6.Be2 f6 7.exf6 Nxf6 8.O-O Bd6
9.c4 O-O 10.c5 Bf4 11.Bb5 Ne7 12.Re1 a6 13.Bd3 Nc6 14.Nf1 Bxc1 15.Rxc1 Ng4
16.Bb1 Qf6 17.Qd2 Nh6 18.Ng3 Nf5 19.Nxf5 exf5 20.Qf4 Qf7 21.Rc3 h6 22.h4 Be6
23.Rce3 Rae8 24.a3 Qd7 25.b4 Rf6 26.Bd3 Ne7 27.Ne5 Qc8 28.h5 Bf7 29.Nxf7 Kxf7
30.Re5 Qd7 31.Qe3 c6 32.f4 Kf8 33.g4 g5 34.Bxf5  1-0

[Event "Arnold Cup"]
[Site "Gausdal"]
[Date "1991.??.??"]
[Round "1"]
[White "Jansa, Vlastimil"]
[Black "Gausel, Einar"]
[Result "0-1"]
[WhiteElo "2495"]
[BlackElo "2425"]

1.e4 e6 2.d4 d5 3.Nd2 Be7 4.Bd3 c5 5.dxc5 Nd7 6.exd5 exd5 7.Nb3 Nxc5 8.Nf3 Nf6
9.Nxc5 Bxc5 10.O-O O-O 11.c3 Bg4 12.Bg5 Re8 13.Bc2 h6 14.Bxf6 Qxf6 15.Qxd5 Bxf3
16.Qxf3 Qxf3 17.gxf3 Re2 18.Rac1 Rd8 19.b4 Bb6 20.c4 Rdd2 21.c5 Rxc2 22.cxb6 axb6
23.Rxc2 Rxc2 24.Rd1 Rxa2 25.Rd8+ Kh7 26.Rd6 Re2 27.Rxb6 Re7 28.Kg2 Kg8 29.f4 Rd7
30.Kf3 Kf8 31.f5 Ke8 32.Ke4 Kd8 33.Rb5 Kc7 34.Rc5+ Kb6 35.Re5 f6 36.Rd5 Rc7
37.Kd3 Rc1 38.Rd4 Kb5 39.Rg4 Rc7 40.Rd4 b6 41.Rg4 Re7 42.Kc3 Re5 43.Rf4 h5
44.Kd2 Ka4 45.Kc3 Rb5 46.h3 Ka3 47.h4 Ka4 48.Rd4 Rxf5 49.f4 g5 50.fxg5 fxg5
51.hxg5 Rxg5 52.Rh4 Kb5 53.Kd3 Rd5+ 54.Kc3 Kc6 55.Rf4 b5 56.Rf8 Kd7 57.Rf4 Ke6
58.Rf8 Ke5 59.Rf7 Ke4 60.Rf8 Rf5 61.Rh8 Kf4 62.Kd4 Kg4 63.Rg8+ Rg5 64.Re8 h4
65.Re4+ Kg3 66.Re3+ Kf2 67.Rb3 Rh5 68.Rb2+ Kf3 69.Rb3+ Kg4  0-1

[Event "Arnold Cup"]
[Site "Gausdal"]
[Date "1991.??.??"]
[Round "5"]
[White "Efimov, Igor"]
[Black "Gausel, Einar"]
[Result "0-1"]
[WhiteElo "2470"]
[BlackElo "2425"]

1.e4 e6 2.d4 d5 3.Nd2 Be7 4.Ngf3 Nf6 5.Bd3 c5 6.e5 Nfd7 7.c3 Nc6 8.O-O cxd4
9.cxd4 a5 10.Nb1 a4 11.Nc3 Nb6 12.Bf4 Nb4 13.Be2 Bd7 14.a3 Nc6 15.Bd3 Na5
16.Qc2 h6 17.Rae1 Rc8 18.Bg3 Nb3 19.h4 Nc4 20.Rd1 Nxa3 21.bxa3 Qa5 22.Qe2 Rxc3
23.h5 Rxd3 24.Qxd3 Bb5 25.Qc2 Bxf1 26.Rxf1 O-O 27.Bf4 Qa6 28.g4 Qc4 29.Qd1 Rc8
30.g5 hxg5 31.Bxg5 Bxg5 32.Nxg5 Nxd4 33.Kg2 Nf5 34.Rg1 Qf4 35.Nh3 Nh4+  0-1

[Event "Gausdal Int"]
[Site "Gausdal"]
[Date "1991.??.??"]
[Round "7"]
[White "Ernst, Thomas"]
[Black "Ilinsky, Vladimir"]
[Result "1-0"]
[WhiteElo "2525"]
[BlackElo "2350"]

1.e4 e6 2.d4 d5 3.Nd2 a6 4.Ngf3 c5 5.exd5 exd5 6.Be2 c4 7.b3 cxb3 8.axb3 Bd6
9.O-O Ne7 10.Ba3 Bxa3 11.Rxa3 Nbc6 12.Re1 O-O 13.c3 h6 14.Nf1 Be6 15.Ng3 Qd6
16.Ra2 f5 17.Bd3 f4 18.Nf1 Bg4 19.h3 Bh5 20.N1h2 Rfe8 21.Rae2 Qf6 22.Ng4 Qf8
23.Qb1 Rad8 24.b4 b5 25.Qa2 Nb8 26.Bb1 Rd6 27.Nfe5 g5 28.f3 Nc8 29.Nd3 Rxe2
30.Rxe2 Bg6 31.Nc5 Bf5 32.Ne4 Bxe4 33.fxe4 Nb6 34.e5 Rc6 35.Qc2 Qg7 36.Nf6+ Kf8
37.Qf5 Ke7 38.Ba2 Rxc3 39.Bxd5 Rc1+ 40.Kh2 Nxd5 41.Nxd5+ Ke8 42.e6 h5 43.e7 Rc6
44.Re6  1-0

[Event "Arnold Cup"]
[Site "Gausdal"]
[Date "1991.??.??"]
[Round "7"]
[White "Jansa, Vlastimil"]
[Black "Karlsson, Lars"]
[Result "1-0"]
[WhiteElo "2495"]
[BlackElo "2485"]

1.e4 e6 2.d4 d5 3.Nd2 Nc6 4.c3 Nge7 5.Ngf3 g6 6.Bd3 Bg7 7.O-O O-O 8.Re1 a5
9.e5 b6 10.Nf1 Ba6 11.Bc2 Nb8 12.h4 c5 13.N1h2 Nd7 14.h5 Rc8 15.Bg5 Re8 16.Ng4 Qc7
17.Rc1 Nf5 18.Qd2 Kh8 19.g3 gxh5 20.Nf6 Bxf6 21.exf6 Rg8 22.Kg2 Nd6 23.Bf4 Nxf6
24.Be5 Qe7 25.Qh6 Rg6 26.Bxg6 fxg6 27.Ng5 Ne8 28.Nxh7 Qxh7 29.Qf8+ Qg8 30.Bxf6+ Nxf6
31.Qxf6+ Kh7 32.Rxe6 Rf8 33.Re7+ Kh6 34.Qe6 Qxe6 35.Rxe6 Bd3 36.Rxb6 Be4+
37.Kg1 Rc8 38.dxc5 Rxc5 39.Re1 Kg5 40.f4+ Kg4 41.Kf2 h4 42.gxh4 Kxf4 43.Rf6+ Bf5
44.Rd1 Rb5 45.Rd2 Kg4 46.Rd4+ Be4 47.Rxg6+  1-0

[Event "Arnold Cup"]
[Site "Gausdal"]
[Date "1991.??.??"]
[Round "8"]
[White "Ivanov, Alexander"]
[Black "Gausel, Einar"]
[Result "1-0"]
[WhiteElo "2525"]
[BlackElo "2425"]

1.e4 e6 2.d4 d5 3.Nd2 Be7 4.c3 c5 5.dxc5 Bxc5 6.Nb3 Bb6 7.exd5 exd5 8.Qe2+ Ne7
9.Be3 Nbc6 10.Nf3 O-O 11.Bxb6 Qxb6 12.Qd2 Bg4 13.Be2 Bxf3 14.Bxf3 Ne5 15.Be2 Nc4
16.Qc2 a5 17.a4 Rfc8 18.O-O d4 19.Nxd4 Nxb2 20.Nb5 Nc4 21.Rad1 Ne5 22.Qe4 N7g6
23.Rd6 Rc6 24.Rfd1 Rxd6 25.Rxd6 Nc6 26.Bc4 Rf8 27.Bd5 Qc5 28.Bxc6 bxc6 29.Rxc6 Qh5
30.h3 Qd1+ 31.Kh2 Qf1 32.Qe3 Qd1 33.Rc4 Qd8 34.Rd4 Qa8 35.Qe4 Qb8+ 36.g3 Re8
37.Qf5 Re6 38.Qd5 Re8 39.Nd6 Rf8 40.Qxa5 Qb2 41.Kg2 Ne7 42.Qc7 Ng6 43.Re4 Qa2
44.Qc4 Qa3 45.Qd4 Rd8 46.Re8+ Rxe8 47.Nxe8 Qf8 48.Nd6 h5 49.Nf5 f6 50.Qd5+ Kh7
51.a5 h4 52.Qe4 hxg3 53.Nh4 f5 54.Qxf5 Qxf5 55.Nxf5 Nf4+ 56.Kxg3 Ne2+ 57.Kf3 Nxc3
58.a6 Nb5 59.Nd6 Nc7 60.a7  1-0

[Event "Gausdal Int"]
[Site "Gausdal"]
[Date "1991.??.??"]
[Round "9"]
[White "Kotronias, Vasilios"]
[Black "Ilinsky, Vladimir"]
[Result "1-0"]
[WhiteElo "2550"]
[BlackElo "2350"]

1.e4 e6 2.d4 d5 3.Nd2 a6 4.Ngf3 c5 5.exd5 exd5 6.Be2 cxd4 7.O-O Nf6 8.Nb3 Be7
9.Nbxd4 O-O 10.c3 Bg4 11.h3 Bh5 12.Be3 Re8 13.Qc2 Nbd7 14.Rad1 Rc8 15.Rfe1 Bf8
16.Nf5 Qc7 17.Qc1 Bc5 18.Bd4 Bg6 19.N3h4 Bxd4 20.Rxd4 Nc5 21.Bg4 Rxe1+ 22.Qxe1 Re8
23.Qd1 Ne6 24.Rd2 Qb6 25.Bf3 Nc7 26.c4 Bxf5 27.Nxf5 g6 28.Ne3 d4 29.c5 Qxc5
30.Rxd4 Ne6 31.Rd6 Qb4 32.b3 Ne4 33.Bxe4 Qxe4 34.Ng4 Qf4 35.g3 Qg5 36.Qa1 Kf8
37.Nf6  1-0

[Event "Geneve op"]
[Site "Geneve"]
[Date "1991.??.??"]
[Round "2"]
[White "Hresc, Vladimir"]
[Black "Efimov, Igor"]
[Result "1-0"]
[WhiteElo "2365"]
[BlackElo "2470"]

1.e4 e6 2.d4 d5 3.Nd2 Be7 4.Ngf3 Nf6 5.Bd3 c5 6.e5 Nfd7 7.c3 Nc6 8.O-O Rb8
9.Re1 b5 10.Nf1 b4 11.Ng3 Qa5 12.Bd2 bxc3 13.bxc3 c4 14.Bc2 g6 15.Ne2 Nb6
16.Bg5 Bd7 17.Qd2 Qa3 18.Reb1 Bxg5 19.Qxg5 Qe7 20.Qh6 Kd8 21.Rb2 Kc7 22.Rab1 Qf8
23.Qf4 h6 24.h4 Qe7 25.g3 Rbg8 26.Kg2 g5 27.hxg5 hxg5 28.Qf6 g4 29.Nh2 Qxf6
30.exf6 Rh6 31.Nf4 Rxf6 32.Bd1 Rf5 33.Nf1 Rfg5 34.Ne3 Kd6 35.Rb5 f6 36.a4 Ne7
37.Ra5 e5 38.Rxa7 Nbc8 39.Ra6+ Nc6 40.dxe5+ Rxe5 41.Ra8 N6e7 42.Ra6+ Nc6
43.Rb7 Ne7 44.Rb5 Rgg5 45.Ra8 Kc7 46.Rf8 d4 47.cxd4 Rxb5 48.axb5 Nxd4 49.Rf7 Kd8
50.Rxf6 Rxb5 51.Ba4 Rc5 52.Rd6 Nec6 53.Bxc6 Nxc6 54.Ned5 Ke8 55.Nc3 Ne5 56.Kf1 Ra5
57.Ke2 Ra3 58.Nfd5 Bf5 59.Ke3 Ra1 60.Kf4 Nf7 61.Rc6 Bd3 62.Nf6+ Kd8 63.Nxg4 Ra3
64.Nd5 Be2 65.Nge3 Rd3 66.Nb6 Rd4+ 67.Kf5 Rd2 68.Ned5 Bg4+ 69.Kf6 Rxf2+ 70.Nf4 Ke8
71.Rc7 Nd6 72.Rg7 Ne4+ 73.Ke5 Bf3 74.Nxc4 Rc2 75.Ne3 Rc5+ 76.Ned5 Rc6 77.Ne6 Rxe6+
78.Kxe6 Nc5+ 79.Kd6 Ne4+ 80.Ke5 Nc5 81.Rc7 Nd7+ 82.Kd6  1-0

[Event "BL2-N9091"]
[Site "Germany"]
[Date "1991.??.??"]
[Round "?"]
[White "Breyther, Ruediger"]
[Black "Buchenau, Frank"]
[Result "1-0"]
[WhiteElo "2350"]
[BlackElo "2280"]

1.e4 e6 2.d4 d5 3.Nd2 Nc6 4.Ngf3 Nf6 5.e5 Nd7 6.Nb3 a5 7.a4 b6 8.c3 Be7 9.h4 Ba6
10.Bxa6 Rxa6 11.Ng5 Nf8 12.Qf3 f6 13.exf6 Bxf6 14.Qh5+ g6 15.Qe2 Qc8 16.Bf4 Ra8
17.Nc1 h6 18.Nf3 Kf7 19.Nd3 Ne7 20.Be5 Nd7 21.Bxf6 Nxf6 22.Rh3 c5 23.Nfe5+ Kg7
24.dxc5 bxc5 25.Nf4 Kh7 26.O-O-O Rg8 27.Rdh1 Rg7 28.Nf3 Qc6 29.Nxe6 Nf5 30.Nxg7 Kxg7
31.g4 Nxg4 32.Ne5 Nxe5 33.Qxe5+ Qf6 34.Qxd5 Rd8 35.Qxc5 Qe6 36.f4 Rd5 37.Qf2 Qe4
38.Qf3 Qc4 39.Kb1 Qb3 40.c4  1-0

[Event "BL2-N9091"]
[Site "Germany"]
[Date "1991.??.??"]
[Round "?"]
[White "Lehmann, Klaus"]
[Black "Kordsachia, Tariel"]
[Result "1-0"]
[WhiteElo "2290"]
[BlackElo "2300"]

1.e4 e6 2.d4 d5 3.Nd2 a6 4.Ngf3 c5 5.dxc5 Bxc5 6.Bd3 Nf6 7.exd5 Qxd5 8.Qe2 Nc6
9.Ne4 Nd4 10.Nxd4 Bxd4 11.c3 Be5 12.f4 Bc7 13.O-O Bd7 14.c4 Qa5 15.Bd2 Qb6+
16.Be3 Qc6 17.Bd4 Bd8 18.Rad1  1-0

[Event "Bundesliga 9091"]
[Site "Germany"]
[Date "1991.??.??"]
[Round "?"]
[White "Womacka, Mathias"]
[Black "Mueller, Karsten"]
[Result "1/2-1/2"]
[WhiteElo "2410"]
[BlackElo "2425"]

1.e4 e6 2.d4 d5 3.Nd2 a6 4.Ngf3 c5 5.exd5 exd5 6.Be2 cxd4 7.O-O Bd6 8.Nb3 Ne7
9.Nbxd4 O-O 10.Bd3 h6 11.h3 Nbc6 12.c3 Bc7 13.Bc2 Nxd4 14.Qxd4 Qd6 15.Re1 Re8
16.Bd2 Bd7 17.Rad1 Nf5 18.Qd3 g6 19.Bb3 Bc6 20.Rxe8+ Rxe8 21.Re1 Re4 22.Rxe4 dxe4
23.Qxd6 Bxd6 24.Ne1 Bc5 25.Nc2 h5 26.Kf1 Kf8 27.Nb4 Bxb4 28.cxb4 Nd4 29.Bd1 Bd5
30.Be3 Ne6 31.b3 h4 32.Be2 f5 33.Bb6 Ke7 34.b5 axb5 35.Bxb5 g5  1/2-1/2

[Event "BL2-S9091"]
[Site "Germany"]
[Date "1991.??.??"]
[Round "?"]
[White "Unrath, Heiko"]
[Black "Martin, Thomas2"]
[Result "1-0"]
[WhiteElo "2360"]
[BlackElo "2205"]

1.d4 e6 2.e4 d5 3.Nd2 a6 4.Ngf3 c5 5.exd5 exd5 6.dxc5 Bxc5 7.Nb3 Ba7 8.Be2 Ne7
9.Bg5 Nbc6 10.Qd2 O-O 11.O-O Be6 12.c3 h6 13.Be3 Bxe3 14.Qxe3 Nf5 15.Qf4 Qb6
16.Bd3 Nce7 17.Nfd4 Ng6 18.Qd2 Nge7 19.Rfe1 Rad8 20.Re2 Bc8 21.Rae1 Qf6 22.Bc2 Ng6
23.Nxf5 Bxf5 24.Bxf5 Qxf5 25.Nd4 Qg4 26.Re3 Qg5 27.Nf3 Qf6 28.Qd4 Qf5 29.g3 Rd6
30.Ne5 Nxe5 31.Rxe5 Qc2 32.R5e2 Qg6 33.Kg2 Rfd8 34.Re8+ Rxe8 35.Rxe8+ Kh7
36.Re5 Qc2 37.Rxd5 Rxd5 38.Qxd5 Qxb2 39.Qxf7 b5 40.Qf5+ Kg8 41.Qe6+ Kh7 42.Qxa6 Qxc3
43.Qxb5 Qc2 44.a4 Qe4+ 45.Kg1 Qe1+ 46.Qf1 Qa5 47.Qd3+ Kh8 48.Qe4 Qc5 49.Qa8+ Kh7
50.a5 h5 51.h4 g5 52.Qb7+  1-0

[Event "Hamburg-ch"]
[Site "Hamburg"]
[Date "1991.??.??"]
[Round "9"]
[White "Maahs, Erich"]
[Black "Ehrke, Anja"]
[Result "1-0"]
[WhiteElo "2360"]
[BlackElo "2260"]

1.e4 e6 2.d4 d5 3.Nd2 Nc6 4.Ngf3 Nf6 5.e5 Nd7 6.Nb3 a5 7.a4 b6 8.Bb5 Na7
9.Be2 c5 10.c3 c4 11.Nbd2 f6 12.O-O Nc6 13.b3 fxe5 14.Nxe5 Ndxe5 15.dxe5 cxb3
16.Bb5 Bd7 17.Qg4 Qc7 18.Nf3 O-O-O 19.Rb1 h5 20.Qh4 Be7 21.Bg5 Bxg5 22.Qxg5 Rhf8
23.Rxb3 Rf5 24.Qe3 Nxe5 25.Ba6+  1-0

[Event "Hania op"]
[Site "Hania"]
[Date "1991.??.??"]
[Round "4"]
[White "Georgiev, Kiril"]
[Black "Blees, Albert"]
[Result "0-1"]
[WhiteElo "2585"]
[BlackElo "2380"]

1.e4 e6 2.d4 d5 3.Nd2 a6 4.Ngf3 c5 5.dxc5 Bxc5 6.Bd3 Nc6 7.O-O Nge7 8.a3 O-O
9.b4 Ba7 10.Bb2 Ng6 11.c4 dxc4 12.Nxc4 b5 13.Nce5 Ncxe5 14.Nxe5 Nxe5 15.Bxe5 Qg5
16.Bb2 Rd8 17.Qe2 e5 18.Kh1 Rd6 19.Rad1 Rg6 20.g3 Bh3 21.Rfe1 h5 22.f3 Rc8
23.Qd2 Qe7 24.Bf1 Bxf1 25.Rxf1 h4 26.g4 Re6 27.Kg2 Bb6 28.Qe2 Rec6 29.Rd2 Qg5
30.Qd3 Be3 31.Re2 Bf4 32.Kh3 Rd8 33.Qb3 Rcd6 34.Bc3 Rd3 35.Qb2 Rc8 36.Rc2 Bxh2
37.Kxh2 Rcxc3 38.Rxc3 Rd2+ 39.Rf2 Qf4+ 40.Kh1 Rd1+ 41.Rf1 Rxf1+ 42.Kg2 Rd1  0-1

[Event "Hartberg op"]
[Site "Hartberg"]
[Date "1991.??.??"]
[Round "7"]
[White "Smagin, Sergey"]
[Black "Klinger, Josef"]
[Result "1-0"]
[WhiteElo "2550"]
[BlackElo "2470"]

1.e4 e6 2.d4 d5 3.Nd2 Nc6 4.Ngf3 Nf6 5.e5 Nd7 6.c3 Be7 7.Bd3 f6 8.Qe2 fxe5
9.Nxe5 Ncxe5 10.dxe5 Nc5 11.Qh5+ Kd7 12.Bc2 a5 13.O-O c6 14.Nb3 Kc7 15.Nd4 Bd7
16.Bd2 Qe8 17.Qe2 Na6 18.a4 b6 19.Rfb1 c5 20.Nb5+ Kb7 21.Nd6+ Bxd6 22.exd6 Qf8
23.b4 axb4 24.cxb4 Qxd6 25.bxc5 Nxc5 26.a5 Ra6 27.Bb4 Qc6 28.Qe5 Rc8 29.Bxh7 Ne4
30.Qxg7 bxa5 31.Bxa5+ Ka8 32.Bxe4 dxe4 33.Bd2  1-0

[Event "Herning"]
[Site "Herning"]
[Date "1991.??.??"]
[Round "?"]
[White "Jansa, Vlastimil"]
[Black "Sorensen, Jan"]
[Result "1/2-1/2"]
[WhiteElo "2485"]
[BlackElo "2405"]

1.e4 e6 2.d4 d5 3.Nd2 Nc6 4.c3 e5 5.exd5 Qxd5 6.Ngf3 exd4 7.Bc4 Qf5 8.Nxd4 Nxd4
9.cxd4 Be6 10.Qa4+ Bd7 11.Qb3 O-O-O 12.O-O Bd6 13.Nf3 f6 14.Re1 Ne7 15.Bd2 Qh5
16.Re4 g5 17.h3 Bc6 18.Bf7 Qh6 19.Rxe7 Bxe7 20.Qe6+ Kb8 21.Qxe7 Qg7 22.Qe6 Rd6
23.Qb3 Bxf3 24.gxf3 Rb6 25.Qc4 Rc6 26.Qb3 Rb6 27.Qc4 Rc6  1/2-1/2

[Event "Hessen-ch"]
[Site "Hessen"]
[Date "1991.??.??"]
[Round "6"]
[White "Zude, Arno"]
[Black "Schoebel, Wolfgang"]
[Result "1-0"]
[WhiteElo "2385"]
[BlackElo "2275"]

1.e4 e6 2.d4 d5 3.Nd2 Nc6 4.Ngf3 Nf6 5.e5 Nd7 6.Nb3 Be7 7.Bb5 a5 8.a4 Ncb8
9.O-O b6 10.Be3 Ba6 11.Qe2 c6 12.Bxa6 Nxa6 13.Nbd2 O-O 14.Rad1 c5 15.c4 Nb4
16.cxd5 Nxd5 17.Ne4 Rc8 18.Nc3 Nxc3 19.bxc3 Qc7 20.Bg5 Bxg5 21.Nxg5 h6 22.Ne4 cxd4
23.cxd4 Qc4 24.Rd3 Qc2 25.Qf3 Rc4 26.Nd6 Rxa4 27.Rc3 Qb2 28.Rc7 Nxe5 29.dxe5 Qxe5
30.Qc6 Rb4 31.Rc8 Rxc8 32.Nxc8 Qb5 33.Ne7+ Kf8 34.Qd6 Qc5 35.Qd8+  1-0

[Event "HUN-chT"]
[Site "HUN"]
[Date "1991.??.??"]
[Round "?"]
[White "Nagy, Zoltan"]
[Black "Vigh, Bela"]
[Result "0-1"]
[WhiteElo "2315"]
[BlackElo "2340"]

1.e4 e6 2.d4 d5 3.Nd2 Nc6 4.Ngf3 Nf6 5.e5 Nd7 6.Be2 f6 7.exf6 Qxf6 8.Nf1 Bd6
9.Ne3 O-O 10.O-O Qf7 11.g3 Nf6 12.Ng5 Qg6 13.f4 h6 14.Bd3 Ne4 15.Nxe4 dxe4
16.Bb5 Rxf4 17.Rxf4 Bxf4 18.Bxc6 bxc6 19.Qe2 Bd6 20.b3 c5 21.Bb2 Kh7 22.Re1 cxd4
23.Bxd4 e5 24.Bb2 Bh3 25.Qc4 Rf8 26.b4 Be6 27.Qc3 Rf3 28.a3 h5 29.Qd2 h4
30.g4 h3 31.Bc1 Be7 32.Nf1 Bh4  0-1

[Event "Italy op"]
[Site "Italy"]
[Date "1991.??.??"]
[Round "?"]
[White "Tortarolo, Massimiliano"]
[Black "Contin, Daniel"]
[Result "1-0"]
[WhiteElo "2270"]
[BlackElo "2340"]

1.e4 e6 2.d4 d5 3.Nd2 Nc6 4.Ngf3 Nf6 5.e5 Nd7 6.c3 f6 7.Bb5 fxe5 8.dxe5 Be7
9.O-O O-O 10.Re1 Qe8 11.Nf1 Qf7 12.Ng3 Ncb8 13.Bd3 b6 14.h4 Ba6 15.Bc2 Nc6
16.Bg5 Ndxe5 17.Nxe5 Qxf2+ 18.Kh2 Nxe5 19.Rxe5 Bd6 20.Be3 Qf6 21.Rg5 h6 22.Qh5 Be2
23.Qxe2 hxg5 24.Qh5 Bxg3+ 25.Kxg3 Qe5+ 26.Kg4 Rf5 27.Re1 Qh2 28.Re2 Raf8
29.Bxf5 exf5+ 30.Kf3 g4+ 31.Kf2 c5 32.Bd2 Qd6 33.Re8 Qd7 34.Rxf8+ Kxf8 35.Qh8+ Kf7
36.Qb8 Qe7 37.Bg5 Qe4 38.Qxa7+ Kg8 39.Qb8+ Kh7 40.Qf4 Qb1 41.Kg3 Kg6 42.Qd6+ Kh5
43.Qe6 Qd3+ 44.Kh2  1-0

[Event "Katowice op"]
[Site "Katowice"]
[Date "1991.??.??"]
[Round "9"]
[White "Kveinys, Aloyzas"]
[Black "Budnikov, Alexandar"]
[Result "0-1"]
[WhiteElo "2435"]
[BlackElo "2440"]

1.e4 e6 2.d4 d5 3.Nd2 Nc6 4.Ngf3 Nf6 5.e5 Nd7 6.Bd3 f6 7.exf6 Qxf6 8.Nf1 e5
9.Ne3 Nb6 10.dxe5 Nxe5 11.Nxe5 Qxe5 12.O-O Bd6 13.f4 Qf6 14.c4 Bd7 15.Nxd5 Nxd5
16.cxd5 Bc5+ 17.Kh1 O-O-O 18.Qc2 Qd4 19.b4 Qxa1 20.bxc5 Qd4 21.Bb2 Qxd5 22.Be4 Qf7
23.Be5 Be6 24.c6 b6 25.Qa4 Kb8 26.h3 Rhe8 27.Rf3 Bc8 28.Ra3 a5 29.Qb5 Rxe5
30.Qxe5 Re8 31.Bd5 Qf8 32.Qc3 Qxf4 33.Rb3 Re5 34.Bf3 Qg3 35.Rb1 Ka7 36.Qb3 Be6
37.Qd1 Bf5 38.Rc1 Re3 39.Bd5 Bxh3 40.Qh5 Bg4 41.Qf7 h5 42.Rf1 g5 43.a4 h4
44.Qf6 h3 45.Qxg5 Re2 46.Rg1 hxg2+ 47.Bxg2 Re5  0-1

[Event "JUG-ch"]
[Site "Kladovo"]
[Date "1991.??.??"]
[Round "3"]
[White "Matkovic, Tonci"]
[Black "Jacimovic, Dragoljub"]
[Result "1/2-1/2"]
[WhiteElo "2355"]
[BlackElo "2415"]

1.e4 e6 2.d4 d5 3.Nd2 Nc6 4.Ngf3 Nf6 5.e5 Nd7 6.c3 f6 7.exf6 Qxf6 8.Be2 Bd6
9.Nf1 O-O 10.Ng3 h6 11.O-O Qf7 12.c4 b6 13.Be3 Bb7  1/2-1/2

[Event "JUG-ch"]
[Site "Kladovo"]
[Date "1991.??.??"]
[Round "8"]
[White "Popovic, Petar"]
[Black "Drasko, Milan"]
[Result "1-0"]
[WhiteElo "2510"]
[BlackElo "2500"]

1.e4 e6 2.d4 d5 3.Nd2 Be7 4.Bd3 c5 5.dxc5 Nd7 6.exd5 exd5 7.Nb3 Ngf6 8.Be3 O-O
9.Ne2 a6 10.Qd2 Re8 11.O-O Ng4 12.Bd4 Nxc5 13.Nxc5 Bxc5 14.Bxc5 Qc7 15.Nf4 Qxc5
16.Nxd5 Qd6 17.Nf4 Bf5 18.h3 Ne5 19.Rad1 Bxd3 20.Nxd3 Nxd3 21.Qxd3 Qxd3 22.Rxd3 Re2
23.Rfd1 Rae8 24.R3d2 Rxd2 25.Rxd2 Re1+ 26.Kh2 Kf8 27.a4 b5 28.axb5 axb5 29.Kg3 b4
30.Kf3 Rb1 31.b3 Re1 32.Rd4 Rc1 33.Rc4 g5 34.Kg4 h6 35.h4 Rf1 36.hxg5 hxg5
37.Kf3 Rc1 38.g4 Kg7 39.Ke2  1-0

[Event "JUG-ch"]
[Site "Kladovo"]
[Date "1991.??.??"]
[Round "9"]
[White "Leventic, Ivan"]
[Black "Brkljaca, Ante"]
[Result "1-0"]
[WhiteElo "2370"]
[BlackElo "2420"]

1.e4 e6 2.d4 d5 3.Nd2 Nc6 4.Ngf3 Nf6 5.e5 Nd7 6.c3 f6 7.Bb5 fxe5 8.dxe5 Be7
9.O-O O-O 10.Re1 Qe8 11.Nf1 Nc5 12.Ng3 a6 13.Bf1 a5 14.Rb1 b6 15.Nd4 Bd7
16.Qc2 Qg6 17.Qxg6 hxg6 18.Nf3 a4 19.b4 axb3 20.axb3 Ra2 21.Re2 Rfa8 22.b4 Ra1
23.Rxa1 Rxa1 24.Bb2 Rxf1+ 25.Nxf1 Nd3 26.Ba3 Na7 27.Rd2 Bb5 28.Nd4 Bc4 29.Ne3 c5
30.bxc5 bxc5 31.Nxc4 dxc4 32.Ne2 Nb5 33.Ra2 g5 34.h3 Nxe5 35.Bc1 Nd3 36.Bd2 Nd6
37.Ra7 Kf8 38.f3 Bf6 39.Ng3 Nf4 40.Bxf4 gxf4 41.Ne2 g5 42.Rc7 Nb5 43.Rxc5 Nxc3
44.Rc8+ Kf7 45.Nxc3 Bxc3 46.Rxc4 Be1 47.Kf1 Bg3 48.Ke2 Kf6 49.Kd3 Be1 50.Rc2 Kf5
51.Kd4 Bb4 52.Kc4 Be7 53.Kb5 Bf6 54.Kc5 Bg7 55.Kd6 Bd4 56.Rc4 Bb2 57.Re4 Ba3+
58.Kd7 e5 59.Ra4 Bf8 60.Ke8 Bc5 61.Rc4 Bd4 62.Ke7 Bb2 63.Kd6 Kg6 64.Rc7 Kh5
65.Rh7+ Kg6 66.Rb7 Bc3 67.Ke6 Kh5 68.Rh7+ Kg6 69.Rc7 Bb2 70.Rc8  1-0

[Event "Wch U20"]
[Site "Mamaia"]
[Date "1991.??.??"]
[Round "?"]
[White "Sequera, Jose"]
[Black "Masserey, Yvan"]
[Result "1-0"]
[WhiteElo "2285"]
[BlackElo "2235"]

1.e4 e6 2.d4 d5 3.Nd2 Nc6 4.Ngf3 Nf6 5.e5 Nd7 6.Bd3 f6 7.O-O fxe5 8.Nxe5 Ndxe5
9.dxe5 Nxe5 10.Qh5+ Nf7 11.c4 g6 12.Qe2 Bg7 13.cxd5 Qxd5 14.Be4 Qd8 15.Bxb7 Bxb7
16.Qb5+ Qd7 17.Qxb7 O-O 18.Nb3 Nd6 19.Qa6 Rf5 20.Qe2 Qb5 21.Qxe6+ Kh8 22.Qe7 Be5
23.Be3 Re8 24.Qxc7 Nc4 25.Bd4 a5 26.Rac1 Nxb2 27.Rb1 Nd3 28.Qc3 Nf4 29.Rfe1 a4
30.Bxe5+ Rexe5 31.Nd2 Ne2+ 32.Rxe2 Qxe2 33.Nf3 Qxa2 34.Re1  1-0